01451 2200217 4500001002100000005001500021008004100036020001800077035001900095041000800114082001200122084001800134100002400152245006600176250000600242260004100248300003500289520083300324650003401157650004201191INLIS00000000000139520200508201442200508||||||||| | ||| |||| ||eng|| a983-2631-03-3 0010-0520001395 aeng0 a343.595 a343.595/XXX/I0 aArjunan Subramaniam00aIndirect Tax System : Arjunan On Malaysian Revenue Laws 07527 a1 aSelangorbSweet & Maxwell Asiac2005 aIV, ix-171.182 p. ; 24cmc24cm aThis publication is an invaluable repository of revenue law source materials which will be welcomed by tax practitioners. Covering the entire breadth of Malaysian revenue law, it is a comprehensive source of information needed by tax professionals. The looseleaf format of this publication ensures that it can be regularly updated to bring to readers new information in the dynamic field of revenue law. Arjunan on Malaysian Revenue Laws will be updated twice annually and supplemented with an annual Budget Commentary. This volume three provides the introductory note to indirect taxes, custom duties, excise duties, sales tax, service tax, custom act 1967, custom regulations 1977, excise act 1976, excise regulations 1977, sales tax act 1972, sales tax regulations 2002, service tax act 1975 and service tax regulations 1975. 0aInternal Revenue Law-Malaysia 0aTaxation-Law and Legislation-Malaysia